Beiträge zur Methodik des Unterrichtes zur Erlernung fremder Sprachen

Bibliographic Details
Main Author: Fambri, Gabriel (Author)
Other Authors: Pázmány, Zoltán, 1869-1948 (Inscriber)
Format: Book
Language:German
Hungarian
PhysicalDescription:44 s. 24 cm
Published: Pozsony [b. n.] 1915
Subjects:

MARC

LEADER 00000nam a2200000 a 4500
001 vtls011782999
003 SK-MaSNL
005 20260301142831.0
008 240318s1915 xo a 0 an0 ger
015 |a SNBA1915 
040 |a SNKHF  |b slo  |c SNK  |e AACR2 
041 0 |a hun 
044 |a xo  |c SK 
072 7 |a 811.1/.8  |x Rôzne jazyky  |2 konspekt 
080 |a 811.1/.9  |2 2011 
080 |a 37.018.8  |2 2011 
100 1 |a Fambri, Gabriel  |4 aut  |9 498937 
245 1 0 |a Beiträge zur Methodik des Unterrichtes zur Erlernung fremder Sprachen  |c Von Gabriel Fambri, k. u. k. Oberstleutnant und Lektor für moderne Sprachen an der kön. ung. Elisabeth-Universität in Pozsony 
260 |a Pozsony  |b [b. n.]  |c 1915  |e Linz  |f Akad. Preszvereinsdruckerei 
300 |a 44 s.  |c 24 cm 
500 |a Farebná obálka 
525 |a Separatabdruck aus den "Kath. Schulblättern", 1915 
546 |a Nemčina  |b Fraktúra 
650 0 7 |a cudzie jazyky  |2 SNKPH  |9 69722 
650 0 7 |a vyučovanie  |2 SNKPH  |9 1522 
655 7 |a metodiky  |2 SNKPH  |9 276700 
700 1 |a Pázmány, Zoltán,  |d 1869-1948  |4 ins  |9 483925 
752 |a Slovensko  |d Bratislava 
852 |a SNK  |p SC 24976 
999 |c 771649  |d 773579 
952 |a SNK  |b SNK  |y PREZ  |7 0  |p 17A0922785  |o snkSC 24976  |i snkF 1536/1969  |8 5  |0 0  |1 0  |4 0  |d 2018-10-05  |l 0  |r 2026-02-24 00:37:26  |w 2026-02-24